| 000 | 00937pam a2200301 a 4500 | ||
|---|---|---|---|
| 001 | 2452600 | ||
| 003 | OSt | ||
| 005 | 20140310182125.0 | ||
| 008 | 890905s1990 nyuabf b 001 0 eng | ||
| 010 | _a 89014591 | ||
| 020 |
_a9780075572022 _c$37.95 |
||
| 040 |
_aDLC _cDLC _dDLC |
||
| 043 | _an-us--- | ||
| 050 | 0 | 0 |
_aE 178.1 _b.D252 1990 |
| 082 | 0 | 0 |
_aHS 973 _b Na21 1990 v.2 |
| 100 |
_aDavidson, James West _914267 |
||
| 245 | 0 | 0 |
_aNation of nations : _ba narrative history of the American republic : combined volume / _cJames West Davidson. |
| 260 |
_aNew York : _bMcGraw-Hill, _cc1990. |
||
| 300 |
_a1304 p. : _bill. (some col.), maps ; _c26 cm. |
||
| 526 | _c | ||
| 650 |
_aU.S. _xHistory _914300 |
||
| 650 |
_a Davidson, James West _914301 |
||
| 651 | 0 |
_aUnited States _xHistory. _914302 |
|
| 700 | 1 |
_aDavidson, James West. _914267 |
|
| 906 |
_a7 _bcbc _corignew _d1 _eocip _f19 _gy-gencatlg |
||
| 942 | _2lcc | ||
| 999 |
_c9602 _d9602 |
||